Diszkretizaló és klaszterező algoritmus megvalósítása folytonos logika segítségével

Elmentve itt :
Bibliográfiai részletek
Szerző: Besnyi Botond
További közreműködők: Dombi József (Témavezető)
Dokumentumtípus: Szakdolgozat
Megjelent: 2021
Tárgyszavak:
Online Access:http://diploma.bibl.u-szeged.hu/135994
LEADER 00753nta a2200181 i 4500
001 dipl135994
005 20230810151315.0
008 230810s2021 hu om 0|| hun d
040 |a SZTE Diploma Repozitórium  |b hun 
041 |a hun 
100 1 |a Besnyi Botond 
245 1 0 |a Diszkretizaló és klaszterező algoritmus megvalósítása folytonos logika segítségével  |h [elektronikus dokumentum] /  |c Botond Besnyi 
246 1 0 |a Implementation of clustering and discretisation algorithm using continuous valued logic  |h [elektronikus dokumentum] 
260 |c 2021 
650 4 |a Természettudományok 
650 4 |a Natural sciences 
700 1 |a Dombi József  |e ths 
856 4 0 |u https://diploma.bibl.u-szeged.hu/id/eprint/135994/1/2022_besnyi_botond.pdf  |z Dokumentum-elérés